The Early Church

-д хадгалсан:
Номзүйн дэлгэрэнгүй
Үндсэн зохиолч: Chadwick, Henry (Зохиогч)
Формат: Ном
Хэл сонгох:англи
Хэвлэсэн: Londres Penguin Books 1993
Хэвлэл:1a. ed
Нөхцлүүд:
Шошгууд: Шошго нэмэх
Шошго байхгүй, Энэхүү баримтыг шошголох эхний хүн болох!

MARC

LEADER 00000cam a2200000 a 4500
001 UCD4912
003 CL-VaPUC
008 160731e19930000uk |||||||||||||||||eng|d
020 |a 9780140231991 
082 0 4 |a 270.2  |b CHA  |2 21 
100 0 |a Chadwick, Henry  |e author  |9 588618 
245 1 4 |a The Early Church 
250 |a 1a. ed 
300 |a 314 p 
942 |c BK 
945 |d 20160731 21:25:00  |a dcastane 
260 |a Londres  |b Penguin Books  |c 1993 
650 0 |a Historia del cristianismo  |9 473480 
650 0 |a Cristianismo  |9 257361 
650 0 |a Historia de la iglesia   |9 257565 
650 7 |a IGLESIA PRIMITIVA  |2 CL-VaPUC  |9 394704 
583 |a last modification  |c 20160731 21:25:00  |k Rodrigo Vera 
999 |c 365702  |d 365700 
952 |0 0  |1 0  |3 erb  |4 0  |6 270_200000000000000_CHA_1993  |7 0  |8 A  |9 479631  |a BIBTEO  |b BIBTEO  |i 529956K  |o 270.2 CHA 1993  |p 529956K  |r 2025-01-17  |w 2019-11-24  |y BK  |z Catalogado en:20160731  |k ICR